000
00239nam a2200109Ia 4500
008
200302s9999 xx 000 0 und d
100
_a
Pratapaditya Pal
245
_a
The Elegent image
260
_b
Marg
260
_c
2011
300
_a
192 P.,
999
_c
3061
_d
3061